Регионална библиотека "Любен Каравелов" - Русе

Шегите на Дявола или Малката терца на Сатаната (Запис номер 14937)

MARC детайли
000 -Лидер
Контролно поле с фиксирана дължина 01359nam a2200349 c 4500
003 - Код на организацията, давaща контролен номер
Контролно поле BLK
005 - Дата и час на последна редакция
Контролно поле 20240520095833.0
008 - Елементи от данни с фиксирана дължина
fixed length control field 180412b bul|||||r ||||||| ||bul||
010 ## - Наследен системен номер
LC control number KNG00016676000
020 ## - Международен стандартен номер на книга ISBN
Международен стандартен номер на книга ISBN 978-954-9415-60-5
-- издат.: Водолей
040 ## - Източник на каталожния запис
Идентификатор на билиотеката - собственик на записа BLK
041 ## - Код за език
Код за езика на текст/звукозапис или на отделно заглавие Български
Код за езика КДБФ Български
072 #7 - Код за тематичната категория
Код организация bullib
Код за тематична категория Н84
Текст Българска художествена литература Н
080 ## - УДК
Текстов определител УДК Българска литература
УДК код - определител по УДК 821.163.2
УДК определител -31
УДК - код + определител 821.163.2-31
100 1# - Редна дума - Автор
Автор Христозов, Петър
Авторска отговорност първи автор
R(LIN) 251078
139 ## - Редно поле
Редна дума Христозов, Петър
Авторски знак Христод - Х 82
245 10 - Сведения за заглавието
Заглавие Шегите на Дявола или Малката терца на Сатаната
Подзаглавни данни Роман
Редно поле (дума) Петър Христозов; Христо Димитров Вълчев.
257 ## - Страна на издаване
Страна на създаване/издаване България
260 ## - Област на издателските данни
-- София
Име на издателя, разпространителя и проч. Водолей
Година на издаване 2010
300 ## - Физическа характеристика
Страници 152 с.
Размери/Мащаб 20 см
380 ## - Жанр
Жанр Худож. лит.
500 ## - Общи забележки
Забележка Петър Христозов - псевд. на Христо Вълчев. - Офс. изд.
653 ## - Ключова дума – ненормативна
Ключова дума романи
659 ## - Тематичен бюлетин
Тематичен бюлетин Н
700 1# - Други автори (авторска отговорност)
Лично име Вълчев, Христо Димитров
9 (RLIN) 258741
852 ## - Местоположение
Форматна сигнатура Цб 251226
856 4# - Електронен адрес и достъп
Електронен формат pdf - файл
Път до файла /url/
856 4# - Електронен адрес и достъп
Електронен формат pdf - файл
Път до файла /url/
942 ## - АРТИКУЛИ
Вид на библиотечния материал Книги
Скрит в OPAC Не
Koha issues (borrowed), all copies 9
944 ## - СЪЗДАВАНЕ И РЕДАКЦИЯ на ЗАПИСА
Създаване/Редакция Създаване
Дата на регистрацията/редакция 17.03.2011
Статус, дата на статуса Цветелина Шанова
Служител, извършил регистрацията/редакцията 30531
944 ## - СЪЗДАВАНЕ И РЕДАКЦИЯ на ЗАПИСА
Създаване/Редакция Редакция
Дата на регистрацията/редакция 26.04.2011
Статус, дата на статуса ф /
Служител, извършил регистрацията/редакцията
999 ## - СИСТЕМНИ КОНТРОЛНИ НОМЕРА
Koha biblionumber 14937
Koha biblioitemnumber 14937
Наличности
Код за отписване Код за изгубен артикул Код за повреда Коз за рестрикции Код за отдаване Артикулен № Име на библиотеката - собственик Име на библиотеката, в която се намира в момента Статус (Текущо местоположение) Дата на вписване в системата Местоположение - отдел Цена в лева Инвентарен номер Систематично азбучна сигнатура Баркод Номер на екземпляра Цена в евро Служебна бележка Служебен тип на артикула
  Не е изгубен Не е повреден без рестрикции ползва се в читалня 25443 Регионална библиотека "Любен Каравелов" Русе Регионална библиотека "Любен Каравелов" Русе Хранилище 2011-03-14 Хранилище 9.00 120000749792 Цб 251226 120000749792 1 4.60 Дост: Dp Вид: Д N: 26 Дата: 30.06.2010 Книги
  Не е изгубен Не е повреден без рестрикции заемане за дома 25444 Регионална библиотека "Любен Каравелов" Русе Регионална библиотека "Любен Каравелов" Русе Заемна - подръчен фонд 2011-04-15 Заемна - подръчен фонд 9.00 120000750484 П 886.7-31/Х 82 120000750484 2 4.60 Дост: DA Вид: А N: 6 Дата: 15.04.2011 Дата инв: 09.02.2018 Бележки инв: П2018 Книги
  Не е изгубен Не е повреден без рестрикции заемане за дома 25445 Регионална библиотека "Любен Каравелов" Русе Регионална библиотека "Любен Каравелов" Русе Заемна - подръчен фонд 2011-04-15 Заемна - подръчен фонд 9.00 120000750485 П 886.7-31/Х 82 120000750485 3 4.60 Дост: DA Вид: А N: 6 Дата: 15.04.2011 Дата инв: 09.02.2018 Бележки инв: П2018 Книги
Vip Innovations Ltd, Rousse, Bulgaria 2025